[Event "Candidates Tournament"]
[Site "Berlin"]
[Date "2018.03.22"]
[Round "10"]
[White "Mamedyarov, Shakhriyar"]
[Black "Caruana, Fabiano"]
[Result "1/2-1/2"]
[WhiteElo "2809"]
[BlackElo "2784"]
[Annotator "Marin,M"]
[PlyCount "115"]
[EventDate "2018.03.10"]
[EventType "tourn"]
[EventRounds "14"]
[EventCountry "GER"]
[EventCategory "22"]
[SourceTitle "CBM 184"]
[Source "ChessBase"]
[SourceDate "2018.05.16"]
[SourceVersion "1"]
[SourceVersionDate "2018.05.16"]
[SourceQuality "1"]

1. d4 Nf6 2. c4 e6 3. Nf3 d5 4. g3 dxc4 5. Bg2 Nc6 6. O-O Rb8 7. e3 Be7 $5 {
A relatively rare move, introducing an interesting plan.} ({Caruana intends
using an improved version of a plan advocated by... Mamedyarov himself! The
main line goes:} 7... a6 8. Nfd2 e5 9. Bxc6+ bxc6 10. dxe5 Ng4 11. Nxc4 Be6 12.
Nbd2 h5 13. f3 (13. h3 h4 14. hxg4 hxg3 15. Qf3 Bd5 16. e4 Qh4 17. Qg2 gxf2+
18. Rxf2 Bc5) 13... Rb4 {Matlakov,M (2730)-Naiditsch,A (2702) Heraklio 2017 
(1-0, 57), resulting into a slightly better ending for White. I have inserted
these moves here to make the comparison between the similar lines easier.}) 8.
Nfd2 ({The main alternative requiring investigating is} 8. Qe2 b5 9. a4 ({
Unfortunately,} 9. b3 {does not force ...cxb3, which would probably transpose
to a pleasant tabiya as Black can play} O-O {when retrieving the pawn hands
over the initiative:} 10. bxc4 bxc4 11. Qxc4 Nb4) (9. Rd1 O-O 10. e4 {is a
worthy and thematic alternative, but White only gets reasonable compensation
for the pawn.}) 9... a6 10. axb5 axb5 {Krasenkow,M (2530)-Kelecevic,N (2410)
Wattens 1990 (1-0, 45)} 11. b3 $5 cxb3 12. Nbd2 (12. Nfd2 Nb4 13. Nxb3 O-O 14.
Rd1 Bb7 15. e4 {Once again White's compensation is beyond doubt, but with the
a-file open things are less clear than in the aforementioned tabyia.}) 12...
O-O 13. Nxb3 (13. Bb2 Bb7 14. Rfc1) 13... Bb7 14. e4 Ra8 15. Bb2 Rxa1 16. Rxa1
{I believe that this or the line with 9.Rd1 above should be the main
directions for further investigations, as the game continuation seems to be
offering Black enough dynamic ideas.}) 8... e5 $1 {The point behind the
"Mamedyarov system deferred". Other moves allow White to stabilise.} (8... Na5
$6 9. Qa4+ c6 10. b4 cxb3 11. axb3 b6 12. b4 Nb7 13. Bxc6+ $16 {Tadic,B (2442)
-Todorovic,G (2487) Backa Palanka 2002 (1-0, 46)}) (8... O-O 9. Qe2 Qd7 10.
Nxc4 b5 11. Ne5 Nxe5 12. dxe5 Nd5 13. e4 $14) (8... Qd7 9. Nxc4 b5 10. Ne5 Nxe5
11. dxe5 Qxd1 12. Rxd1 Nd7 13. f4 $14) 9. Bxc6+ bxc6 10. dxe5 Ng4 11. Nxc4 Be6
{With respect to "Mamedyarov's" system mentioned above, Black has played ...
Be7 instead of ...a6. Abstractly this is positive, as the pawn move cannot
count for development. Concretely things are not that one-sided, as Black does
not have ...Qh4 after he sacrifices the knight with ...h4xg3. But the bishop
can be useful after the foreseeable ...Qd3, as it can defend the rook on h4 or
could go "personally" to that square.} (11... Qxd1 {activates White's pieces.}
12. Rxd1 Ba6 (12... Be6 $14) 13. Nbd2 Rd8 14. b3 Bxc4 15. bxc4 Nxe5 {Prakken,G
(2167)-Bezemer,A (2280) Bregenz 2017 (0-1, 36)} 16. Bb2 $16) 12. Nbd2 (12.
Qxd8+ Rxd8 13. Nbd2 Bb4 {Van der Stricht,G (2424)-Hausrath,D (2507) Belgium
2008 (½-½, 21) offers White little.}) 12... h5 (12... Rb4 {, suggested by
Mamedyarov, is an inaccurate move order due to} 13. b3 h5 14. h3 $16 {White
threatens Ba3 and Black has no favourable way of continuing the attack:} h4 15.
hxg4 hxg3 16. fxg3 Qd5 (16... Bd5 17. e4 $18) 17. Qf3 $18) (12... Qd3 {played
in a slightly later game is also interesting:} 13. Re1 $6 (13. b3 h5 {may
transpose below after having avoided f2-f3.}) 13... Nxf2 $1 14. Kxf2 Bxc4 15.
Nxc4 Qxc4 16. b3 Qc3 17. Qd4 Qc2+ 18. Re2 Qg6 $13 {Pacheco,H (2111)-Tsuboi,E 
(2223) Sao Paulo 2018 (½-½, 61)}) 13. f3 (13. h3 Qd3 (13... h4 14. hxg4 hxg3
15. Qf3 $16 {This would be good for Black in Mamedyarov's system due to the
possible 15...Qh4.}) 14. b3 Rd8 $3 {A quiet move, bringing new resources into
play.} (14... h4 15. hxg4 hxg3 16. Qf3 Qh7 17. Qxc6+ {It is useful to deprive
the bishop of its stability on d5.} Kf8 18. Qg2 Bd5 19. f3 $18) 15. Qf3 (15.
hxg4 hxg4 {Planning ...Qh7.} 16. e4 {The only move.} Bc5 {/\...Qxg3} 17. Kg2
Bxf2 18. Rxf2 Rh3 {and White is forced to play} 19. Rf3 gxf3+ 20. Qxf3 $15) (
15. Bb2 h4 16. Qb1 Qe2 17. Qe1 Qd3 $11) 15... Bd5 16. Qf4 g5 17. Qd4 Qh7 {
with dangerous counterplay.}) (13. Qf3 Bb4 14. Qxc6+ Kf8 15. Qg2 h4 16. h3 Nxf2
17. Rxf2 hxg3 18. Rf4 Rxh3 19. b3 Kg8 $5 $44) 13... Qd3 $6 {This leads almost
by force to a better ending for White.} ({It is curious that Caruana refrained
from} 13... Rb4 {which is the best move in the line with ...a6 instead of ...
Be7, too.} 14. fxg4 {This is the safest, even though Black has practically an
extra tempo with respect to the twin line.} (14. b3 Nxe3 15. Nxe3 Qd4 16. Qc2
Qxe3+ 17. Kg2 Qe2+ 18. Rf2 Qa6 $132) (14. Qe2 h4 15. fxg4 hxg3 16. b3 (16. h3
Bd5 17. Rf3 Rxc4 18. Nxc4 Rxh3 19. Qg2 Rh4) 16... Rxh2 17. Qf3 Qd3 18. Qxg3 Rh4
19. Rf4 Bd5 $36) 14... Bxc4 15. Nxc4 Qxd1 (15... Rxc4 16. Qb3 Qd5 17. gxh5 Rxh5
18. Rd1 Qb5 19. Qd3 $36) 16. Rxd1 Rxc4 {and White's advantage may be more
questionable than with ...a6 instead of ...Be7..} 17. Rd4 Rxd4 (17... Rc2 18.
Rd2 Rc5 19. gxh5 Rxh5 20. b3 Rcxe5 21. Re2 Bc5 22. Bd2 Re6 23. Kg2) 18. exd4
hxg4 19. Bd2 Kd7 20. Rc1 Rb8 21. b3 {In view of this possible improvement, the
discussion in this line remains open.}) 14. fxg4 Bxc4 15. Nxc4 Qxc4 16. gxh5
Qe6 17. Qf3 {Possibly not the best move. White had two ways to continue the
queenside development.} (17. Bd2 Rxb2 (17... Qxe5 18. Qf3 O-O 19. Rac1) 18. Bc3
Rb5 19. Qf3 $14) (17. b3 Qxe5 18. Rb1 Qxh5 19. Rb2 $14) 17... Rb5 18. Qf5 Rxe5
19. Qxe6 Rxe6 20. Rf5 Rd6 21. Kg2 Rd1 22. b3 {Black has achieved good
counterplay but still needs to display some accuracy.} g6 $1 (22... Ba3 23. Rf1
Rxf1 24. Kxf1 Bxc1 25. Rxc1 Rxh5 26. h4 Kd7 27. Ke2 $14) (22... Bf6 23. Rb1 $14
{/\Rf1}) 23. Re5 (23. Rf2 Rxh5 24. Bb2 Rd3 25. Rc1 Ra5 26. Bd4 c5 27. Be5 Rxe3
28. Bxc7 $11) (23. hxg6 fxg6 24. Rf4 Rf8 $1 $11 {and White will never be able
to free himself from the pin.}) 23... c5 (23... Rxh5 {is simpler.} 24. Rxe7+
Kxe7 25. Ba3+ Rd6 $11) 24. hxg6 fxg6 25. e4 Rh7 26. h4 Rf7 27. Kh3 {White has
some practical chances now, but Caruana will defend accurately.} Rff1 28. Bg5
Rxa1 29. Rxe7+ Kf8 30. Rxc7 Rxa2 31. Be7+ Kg8 32. Rc8+ Kg7 33. Bxc5 Re2 34. e5
Rd1 35. Re8 Rd5 36. Bd6 Re3 37. Re7+ Kg8 38. Re8+ Kf7 39. Re7+ Kg8 40. b4 Rdd3
41. Kg4 Rxg3+ 42. Kf4 Rgf3+ 43. Ke4 Rfe3+ 44. Kf4 Rf3+ 45. Kg5 Rf7 46. e6 Rd5+
47. Kxg6 Rxd6 48. Rxf7 Rxe6+ 49. Rf6 Re4 50. b5 Rxh4 51. Ra6 Rh7 52. b6 Rg7+
53. Kh6 Rh7+ 54. Kg5 Rg7+ 55. Kf5 axb6 56. Rxb6 Rf7+ 57. Rf6 Rxf6+ 58. Kxf6
1/2-1/2

[Event "Candidates Tournament"]
[Site "Berlin"]
[Date "2018.03.24"]
[Round "12"]
[White "Mamedyarov, Shakhriyar"]
[Black "Ding, Liren"]
[Result "0-1"]
[WhiteElo "2809"]
[BlackElo "2769"]
[Annotator "Ding Liren"]
[PlyCount "86"]
[EventDate "2018.03.10"]
[EventType "tourn"]
[EventRounds "14"]
[EventCountry "GER"]
[EventCategory "22"]
[SourceTitle "CBM 184"]
[Source "ChessBase"]
[SourceDate "2018.05.16"]
[SourceVersion "1"]
[SourceVersionDate "2018.05.16"]
[SourceQuality "1"]

{This game was played at the 12th round of the Candidates tournament. I had
just spoiled a winning position against Alexander Grischuk in the previous
round and scored my 11th continuous draw. So I didn't have much in the way of
expectations this time.} 1. d4 Nf6 2. c4 e6 3. Nf3 d5 4. Nc3 c5 {I deviated
from 4...c6 which was played in the 4th round and went for a line which became
popular thanks to the influence of Vladimir Kramnik.} 5. cxd5 Nxd5 6. e4 Nxc3
7. bxc3 cxd4 8. cxd4 Bb4+ 9. Bd2 Bxd2+ 10. Qxd2 O-O 11. Bc4 Nd7 12. O-O b6 13.
Rad1 (13. a4 {is considered as the main line, but hard to get any advantage
also.}) 13... Bb7 14. Rfe1 Rc8 15. Bb3 Re8 {The idea behind this quiet rook
move is simple, to control the e-file in case of d4-d5.} (15... Nf6 $2 16. d5
exd5 17. exd5 Qd6 18. Nd4) 16. h3 (16. d5 $5 exd5 17. exd5 Nc5 18. d6 Bxf3 19.
Rxe8+ (19. gxf3 Qd7) 19... Qxe8 20. gxf3 Qd7 (20... Qc6 $5) 21. Re1 Ne6 22. f4
Rc5 $13) 16... Nf6 {Now ...Nf6 is possible.} 17. Qf4 (17. d5 exd5 18. exd5
Rxe1+ 19. Qxe1 Qd6 (19... Nxd5 $2 20. Qe5 Rc5 21. Ng5) 20. Nd4 g6 (20... Re8)
21. Nb5 Qc5 22. Nxa7 Re8 23. Qd2 Bxd5 24. Bxd5 Nxd5 25. Qxd5 Re1+ 26. Kh2 Rxd1
27. Qxd1 Qc7+ 28. g3 Qxa7 $11) 17... Nh5 {It's important to prevent the idea
d4-d5 followed by e4-e5.} (17... h6 $6 18. d5 exd5 19. e5 $1 Nd7 20. Nd4 Nc5
21. Nf5 Rc7 22. Nd6 Rf8 23. Qe3 $36) 18. Qh2 (18. Qe5 Nf6) 18... h6 {Until now
I'm still following in the footsteps of Kramnik. Here my opponent came up with
a new move over the board.} 19. Ne5 {White is threatening d4-d5 or Nc4 now.} (
19. d5 exd5 20. exd5 Rxe1+ 21. Nxe1 Qf6 22. Nd3 Ba6 $1 23. Qe5 Bxd3 24. Qxh5
$11 {So,W-Kramnik,V}) 19... Nf6 {The knight can do little at the edge of the
board, so after some thought I decide to bring it back.} 20. Qf4 b5 $1 {
Depriving his knight of the c4-square and at the same time threatening ...a5...
a4.} 21. Re3 (21. Nxf7 Kxf7 22. e5 a5 23. exf6 Qxf6 24. Qd6 Rc6 25. Qd7+ Qe7
26. Qxe7+ Kxe7 $11) 21... Rc7 {To prevent Rg3.} (21... a5 $5 22. Rg3 Kf8 $13)
22. Nd3 (22. Rg3 $2 Nh5) 22... Rc3 {I want to exchange a pair of rooks to
release the pressure on the kingside.} (22... a5 23. Nc5 a4 24. Bc2) 23. Nc5 ({
I was a bit worried about} 23. e5 Nd5 24. Bxd5 Bxd5 25. Rg3 {but after} Kf8 $1
{Black stands well.}) 23... Rxe3 24. Qxe3 (24. Nxb7 $2 Rxe4) (24. fxe3 Qe7 $11)
24... Bc6 $11 {Now with the knight on c5, I have to beware of the potential
e4-e5 followed by Ne4.} 25. Rc1 Qb6 26. f3 {With the text it's clear that
White will no longer play e5.} (26. e5 $5 Nd5 27. Qg3 Ne7 $1 {clears the way
for the bishop} 28. Qg4 Kh8 $13) 26... Rd8 {Improving my position slowly.} 27.
Kf2 a5 28. g4 (28. Nxe6 $5 {leads to a drawish ending} fxe6 29. Bxe6+ Kf8 30.
d5 Qxe3+ 31. Kxe3 Bd7 (31... Bxd5 32. Rd1 $14) 32. Bxd7 Nxd7 33. Rc7 Ke8 34.
Kd4 a4 35. Rb7 Rc8 36. Rxb5 Rc2 37. e5 Rd2+ 38. Ke3 Rxa2 39. e6 Rxg2 40. exd7+
Kxd7 $11) 28... a4 29. Bc2 $6 {A step in the wrong direction. e2 is the better
square for the bishop.} (29. Bd1 Nd7 30. Nd3 Bb7 (30... Nb8 31. Be2 Be8 32. d5)
31. Be2 Qd6 32. Kg2 $13) 29... Nd7 $1 30. Bd3 (30. Nd3 Bb7 31. Bb1 Rc8 $15)
30... Nxc5 31. Rxc5 b4 {After the exchange of knights, the pawns start pushing.
Also my opponent was in time trouble, he had around 15 minutes at that point,
while I had 40.} 32. Bc4 {It's understandable that my opponent doesn't want to
stay passive, but after the text I have many decisive plans to support the
pawns, for example ...Rb8, ...b3 or ...b3 followed by ...a3.} (32. h4 $142 Be8
33. Bb1 b3 34. axb3 axb3 35. Qc3 b2 36. e5 Rb8 37. h5 Kf8 $1 38. Rc7 Ba4 39.
Ke2 Ke8 40. Kd2 Bd7 $17) 32... Bd7 (32... Be8 {is also possible:} 33. d5 b3 34.
axb3 a3 35. dxe6 a2 36. exf7+ Bxf7 37. Bxf7+ Kh8 $1 38. Qc3 a1=Q 39. Qxa1 Qxc5+
40. Kg3 Qc7+ $19) 33. g5 (33. h4 {is also hopeless:} Rb8 34. g5 hxg5 35. Qxg5
b3 36. axb3 axb3 37. h5 Qd6 $1) 33... hxg5 34. Qxg5 Be8 $1 (34... Rb8 {is less
clear:} 35. Qe7 Be8 36. Qc7 b3 37. Qxb6 Rxb6 38. axb3 axb3 39. Bd3 b2 40. Bb1)
35. Qe7 b3 36. axb3 a3 {That's the point behind my 34th move. Maybe this idea
was missed by my opponent.} 37. b4 Ra8 38. d5 {A nice try, unluckily loses to
the most straight forward way.} (38. Ra5 Qxd4+ 39. Kg2 Rxa5 40. Qxe8+ Kh7 41.
bxa5 Qxc4 42. Qxf7 Qe2+ 43. Kg3 Qe1+ 44. Kg2 Qxa5 $19) (38. Ba2 Qxb4 $19) 38...
a2 39. dxe6 a1=Q 40. exf7+ Bxf7 41. Bxf7+ Kh7 {It's important that the c5-rook
gets pinned.} 42. Qh4+ Qh6 43. Rh5 Qa7+ {The only winning move, but it's
simple enough，so White resigned. Finally I scored a win after the long
drawing streak in classical time control (20 games...), I was relieved.} (43...
Qd4+ $4 44. Kg2 Qdd2+ 45. Qf2 $11) 0-1

[Event "Candidates Tournament"]
[Site "Berlin"]
[Date "2018.03.12"]
[Round "3"]
[White "So, Wesley"]
[Black "Ding, Liren"]
[Result "1/2-1/2"]
[WhiteElo "2799"]
[BlackElo "2769"]
[Annotator "Sagar Shah"]
[PlyCount "73"]
[EventDate "2018.03.10"]
[EventType "tourn"]
[EventRounds "14"]
[EventCountry "GER"]
[EventCategory "22"]
[SourceTitle "CBM 184"]
[Source "ChessBase"]
[SourceDate "2018.05.16"]
[SourceVersion "1"]
[SourceVersionDate "2018.05.16"]
[SourceQuality "1"]

1. e4 e5 2. Nf3 Nc6 3. Bb5 a6 4. Ba4 Nf6 5. O-O Be7 6. Re1 b5 7. Bb3 O-O 8. c3
d5 9. exd5 Nxd5 10. Nxe5 Nxe5 11. Rxe5 c6 12. Re1 Bd6 {The Marshall Gambit has
been a part of praxis for many years, but White has not been able to break it.
After many years of trying for an advantage with 13.d4, White has now shifted
his attention to 13.d3.} 13. d3 Bf5 14. Qf3 Qh4 15. g3 (15. Qxf5 Qxh2+ 16. Kf1
Rfe8 $19 {White is already in big trouble.}) 15... Qh3 16. Be3 {This is
White's latest attempt to get an advantage with a lot of top players already
having played it.} (16. Bxd5 cxd5 17. Qxd5 Rad8 18. Qg2 Qxg2+ 19. Kxg2 Bxd3 {
The bishop pair compensate for the missing pawn and Black is doing pretty well
here.}) 16... Bxd3 17. Nd2 (17. Bxd5 cxd5 18. Qxd5 Rad8 $1 19. Qf3 Bc4 20. Nd2
Be6 {was drawn in the game Anand vs Aronian 2008.}) 17... Qf5 (17... Rfe8 {
This would be incorrect because the face off of the rooks down the e-file
works in White's favour.} 18. Bxd5 cxd5 19. Qxd5 Rad8 20. Bb6 $18) 18. Bd4 Rfd8
$5 {One cannot say that this is entirely a new idea. Maxim Matlakov had played
it a month ago in Feb 2018. But at the highest level we can say that it is
Ding Liren who introduced this move. The idea of the move is to keep an eye on
the d5 knight. Black would want to put his bishop on f8 and then push his pawn
to c5.} (18... Rfe8 {has been Aronian's favourite. Black has held his own in
most of the games except for one where Aronian lost to Caruana in 2014.}) 19.
a4 {White would like to keep the pawn on a4 and keep the tension in the
position. It's quite irritating for Black because he can never release the
tension. He has to be alert for White taking on b5 and then penetrating with
his rook.} (19. Kg2 Bf8 20. Qxf5 Bxf5 21. Ne4 a5 (21... Bxe4+ 22. Rxe4 c5 23.
Be5 $14) 22. a4 b4 $132) 19... h6 {Black makes a useful move avoiding any back
rank tricks.} ({Just a week after the game, this was played at the European
Championship. And it was a very well played game by Hrant Melkumyan.} 19... Bf8
20. axb5 axb5 21. Bxd5 cxd5 22. Qxf5 Bxf5 23. b4 f6 24. Kg2 Ra4 25. Rxa4 bxa4
26. Ra1 Bd7 27. Nf3 Kf7 28. Be3 Rc8 29. Ra3 g5 30. Nd4 Bd6 31. Kf1 Be5 32. Ke2
h5 33. Kd3 h4 34. Ra1 Kg6 35. Rg1 h3 36. Rb1 Bf5+ 37. Nxf5 Rxc3+ 38. Kd2 Kxf5
39. f4 gxf4 40. gxf4 Rxe3 41. Kxe3 Bxf4+ 42. Kd3 Bxh2 43. Rh1 Be5 44. Rxh3 a3
45. Rf3+ Ke6 46. Rf2 Kd6 47. Rg2 Kc6 {0-1 (47) Palac,M (2546)-Melkumyan,H 
(2664) Batumi 2018}) 20. h4 {Usually in this position none of the players want
to take their opponent's queen. For example if Black took on f3 then after
Nxf3 the knight would be very well placed looking at the d4 and e5 squares.} (
20. Kg2 {I have a feeling that Kg2 in general can be more useful than h4 as
then the knight need not keep defending the queen and can move to e4.} Bf8 21.
axb5 axb5 22. Rxa8 Rxa8 23. Ne4 Qxf3+ 24. Kxf3 b4 25. Rd1 Ba6 26. c4 Nc7 27.
Bb6 (27. Ra1 c5 $11) 27... Ne6 28. c5 Bb5 $13) 20... Rac8 21. axb5 axb5 22.
Bxd5 {In many ways after this exchange, Black is out of danger.} (22. Ra7 {
was possible but Black can now aim to take the e-file with} Bf8 (22... Re8 23.
Rxe8+ Rxe8 24. Qxf5 Bxf5 25. Ra6 {seems a tad uncomfortable, but Black should
be able to hold on after} Ne7 $14 {/=}) 23. Re5 Qxf3 24. Nxf3 f6 25. Re3 $5 Bg6
26. Bb6 Kh8 $1 27. Bxd5 Rxd5 $11 {Black is doing fine.}) 22... cxd5 23. Qxf5
Bxf5 24. Ra5 {Black's pawns are weak, but the bishop pair compensates for them.
} b4 $1 25. Rxd5 Be6 26. Ra5 (26. Rb5 Ra8 {Wesley was not too comfortable with
his rook stuck on b5 and the black rook penetrating with ...Ra2.}) 26... bxc3
27. Bxc3 Rb8 28. Nf1 Bb4 29. Raa1 Bc5 (29... Bxc3 30. bxc3 Rb2 31. Rac1 Ra8 $11
{And this should be a draw.}) 30. Ne3 Rd3 31. Red1 Rbd8 32. Rxd3 Rxd3 33. Rd1
Rxd1+ 34. Nxd1 Bb3 35. Ne3 Bxe3 36. fxe3 Kf8 37. Kf2 {A very clinical game by
Ding Liren. The idea of Rfd8 held its ground. The question is: Where is
White's opening advantage?} 1/2-1/2